Κατάλογος Βιβλιοθηκών Mediterranean College

International Business / Competing in the Global Marketplace (Record no. 6417)

MARC details
000 -LEADER
fixed length control field 01636cam a22002054a 4500
005 - ΗΜΕΡΟΜΗΝΙΑ ΚΑΙ ΩΡΑ ΤΕΛΕΥΤΑΙΑΣ ΕΝΗΜΕΡΩΣΗΣ
Πεδίο ελέγχου 20250605164242.0
008 - FIXED-LENGTH DATA ELEMENTS--GENERAL INFORMATION
Πεδίο ελέγχου σταθερού μήκους 250528s ||||||||||||||||||||||||d
035 ## - SYSTEM CONTROL NUMBER
System control number 21352
020 ## - ISBN
ISBN 9780073381343
040 ## - ΠΗΓΗ ΚΑΤΑΛΟΓΟΓΡΑΦΗΣΗΣ
Φορέας πρωτότυπης καταλογογράφησης MC Athens Campus Library
Γλώσσα καταλογογράφησης Ελληνικά, Μοντέρνα (1453-)
Modifying agency MC Athens Campus Library
Κανόνες περιγραφικής καταλογογράφησης AACR2
245 1# - ΤΙΤΛΟΣ ΚΑΙ ΔΗΛΩΣΗ ΥΠΕΥΘΥΝΟΤΗΤΑΣ
Τίτλος International Business / Competing in the Global Marketplace
250 ## - EDITION STATEMENT
Edition statement 7th
260 ## - PUBLICATION, DISTRIBUTION, ETC.
Name of publisher, distributor, etc. Irwin Mcgraw-Hill,
Date of publication, distribution, etc. 2009
300 ## - PHYSICAL DESCRIPTION
Extent 740
520 ## - SUMMARY, ETC.
Summary, etc. This book maintains a tightly integrated flow between the chapters and identifies how real managers succeed or fail in the global economy. Introduction and Overview, Globalization, Country Differences, National Differences in Political Economy, Differences in Culture, Ethics in International Business, Nike: The Sweatshop Debate, Etc-aSketch Ethics, The Global Trade and Investment Environment, International Trade Theory, The Political Economy of International Trade, Foreign Direct Investment, Regional Economic Integration, The Politics of Trade in Steel, The Global Monetary System, The Foreign Exchange Market, The International Monetary System, The Global Capital Market, The Tragedy of the Congo, The Strategy and Structure of International Business, Entry Strategy and Strategic Alliances, Toyota: The Rise of a Global Corporation, Nestle: Global Strategy, International Business Operations, Exporting and Importing and Countertrade, Global Marketing and R&D, Global Human Resource Management, Accounting in the International Business, Financial Management in the International Business, Molex, Glossary, Index.
700 1# - ΠΡΟΣΘΕΤΗ ΑΝΑΓΡΑΦΗ--ΦΥΣΙΚΟ ΠΡΟΣΩΠΟ
Personal name Hill W. Charles
9 (RLIN) 1022
942 ## - ADDED ENTRY ELEMENTS (KOHA)
Koha item type Books
Holdings
Τύπος τεκμηρίου Βιβλιοθήκη Τρέχουσα τοποθεσία Barcode Αριθμός εισαγωγής Ημερομηνία απόκτησης Ταξιθετικό σύμβολο Αριθμός αντιτύπου Κατάσταση απόσυρσης Κατάσταση χαμένου Κατάσταση κατεστραμμένου Μη δανεισμός Σύνολο δανεισμών Ημερομηνία τελευταίας εμφάνισης Η τιμή ισχύει από
Books MC Athens Campus Library MC Athens Campus Library 9780000064165 5532 05/06/2025 658/.049 HIL 2           05/06/2025 05/06/2025

MC Athens Campus Library
Πατησίων 94 & Κοδριγκτώνος 13, 104 34
Πελλήνης 8 & Πατησίων 107, 112 51
Τ: +30 210 8899600

MC Thessaloniki Campus Library
Ίωνος Δραγούμη 21, 54625 | Ίωνος Δραγούμη 15, 54625
Τ: +30 2310 287779 – Τ: +30 2314 440300